[Event "Wloclawek CC Classic 22nd"]
[Site "Wloclawek"]
[Date "2019.??.??"]
[Round "6"]
[White "Szarfemberg, Marcin"]
[Black "Galka, Jacek"]
[Result "1-0"]
[WhiteElo "1400"]
[BlackElo "1400"]
[PlyCount "114"]
[EventDate "2019.04.??"]
[EventType "swiss"]
[EventRounds "7"]
[EventCountry "POL"]
[SourceTitle "EXT 2021"]
[Source "ChessBase"]
[SourceDate "2020.10.23"]
[SourceVersion "1"]
[SourceVersionDate "2020.10.23"]
[SourceQuality "1"]

1. e4 c6 2. Nf3 d5 3. Nc3 dxe4 4. Nxe4 Nd7 5. Bc4 Ndf6 6. Neg5 e6 7. d3 h6 8. Ne4 Nxe4 9. dxe4 Qxd1+ 10. Kxd1 Nf6 11. e5 Nd5 12. a3 Be7 13. b4 a6 14. Bb2 0-0 15. Rc1 Rd8 16. Ke2 b5 17. Bxd5 cxd5 18. Nd4 Bb7 19. f4 Rdc8 20. f5 exf5 21. Nxf5 Re8 22. e6 Bc8 23. Nxg7 Bxe6 24. Nxe8 Rxe8 25. Rhf1 Bg4+ 26. Kd3 Bd6 27. Rfe1 Bf5+ 28. Kd4 Be4 29. Kc3 Rc8+ 30. Kb3 Bf4 31. Ra1 Rxc2 32. Rxe4 Rxb2+ 33. Kxb2 dxe4 34. Re1 e3 35. Kc2 Kg7 36. g3 Bg5 37. h4 Be7 38. Rxe3 Bd6 39. Re2 Bxg3 40. Rg2 Kg6 41. Rxg3+ Kh5 42. Rh3 Kg4 43. Rh1 Kg3 44. Kd3 f5 45. Rf1 f4 46. Ke4 Kxh4 47. Rxf4+ Kg5 48. Rf7 h5 49. Rh7 Kg4 50. Kd5 h4 51. Kc6 h3 52. Kb6 Kg3 53. Kxa6 Kg2 54. Kxb5 h2 55. a4 h1Q 56. Rxh1 Kxh1 57. a5 Kg2 1-0